以下吉林城市位于哪个流域 - 选择 - Statistics

General Stats
  • This quiz has been taken 9 times
  • The average score is 16 of 23
Answer Stats
Hint Answer % Correct
松原 A.黑龙江流域
88%
德惠 A.黑龙江流域
88%
长春 A.黑龙江流域
75%
吉林 A.黑龙江流域
75%
桦甸 A.黑龙江流域
75%
舒兰 A.黑龙江流域
75%
扶余 A.黑龙江流域
75%
大安 A.黑龙江流域
75%
四平 B.辽河流域
75%
辽源 B.辽河流域
75%
双辽 B.辽河流域
75%
延吉 C.图们江流域
75%
珲春 C.图们江流域
75%
通化 D.鸭绿江流域
75%
白城 A.黑龙江流域
63%
蛟河 A.黑龙江流域
63%
洮南 A.黑龙江流域
63%
和龙 C.图们江流域
63%
白山 D.鸭绿江流域
63%
集安 D.鸭绿江流域
63%
敦化 A.黑龙江流域
50%
公主岭 B.辽河流域
38%
梅河口 A.黑龙江流域
13%
No matching quizzes found
Score Distribution
Percent of People with Each Score
Percentile by Number Answered
Your Score History
You have not taken this quiz